Library Banner

The Legacy of thorstein veblen (Record no. 69234)

MARC details
000 -LEADER
fixed length control field 00475nam a2200181Ia 4500
001 - CONTROL NUMBER
control field 65893
008 - FIXED-LENGTH DATA ELEMENTS--GENERAL INFORMATION
fixed length control field 150404s9999 xx 000 0 und d
020 ## - INTERNATIONAL STANDARD BOOK NUMBER
International Standard Book Number 1840647221
040 ## - CATALOGING SOURCE
Transcribing agency PK-LaUMT
082 ## - DEWEY DECIMAL CLASSIFICATION NUMBER
Classification number 330.092
Item number LEG-
100 ## - MAIN ENTRY--PERSONAL NAME
Personal name Tilman, Rick
245 #4 - TITLE STATEMENT
Title The Legacy of thorstein veblen
Statement of responsibility, etc Tilman, Rick
260 ## - PUBLICATION, DISTRIBUTION, ETC. (IMPRINT)
Place of publication, distribution, etc Cheltenham,UK:
Name of publisher, distributor, etc Elgar Reference Collection,
Date of publication, distribution, etc 2003
501 ## - WITH NOTE
With note 3 vols.
546 ## - LANGUAGE NOTE
Language note EN
650 ## - SUBJECT ADDED ENTRY--TOPICAL TERM
Topical term or geographic name as entry element Economics-United States-History
942 ## - ADDED ENTRY ELEMENTS (KOHA)
Koha item type Books
Holdings
Withdrawn status Lost status Source of classification or shelving scheme Damaged status Not for loan Home library Current library Date acquired Total Checkouts Full call number Barcode Date last seen Price effective from Koha item type
    Dewey Decimal Classification     UMT Main Campus UMT Main Campus 2015-04-02   330.092 LEG- 90428 2015-04-04 2015-04-04 Books
    Dewey Decimal Classification     UMT Main Campus UMT Main Campus 2015-04-04   330.092 LEG- 90429 2015-04-04 2015-04-04 Books
    Dewey Decimal Classification     UMT Main Campus UMT Main Campus 2015-04-04   330.092 LEG- 90430 2015-04-04 2015-04-04 Books
    Dewey Decimal Classification     UMT Main Campus UMT Main Campus 2015-04-04   330.092 LEG- 90431 2015-04-04 2015-04-04 Books
    Dewey Decimal Classification     UMT Main Campus UMT Main Campus 2015-04-04   330.092 LEG- 90432 2015-04-04 2015-04-04 Books